000
00324nam a22001337a 4500
008
171003b xxu||||| |||| 00| 0 eng d
020
_a
9781879537538
041
_a
eng
080
_2
3 ED
_a
159.9
100
_a
48
101
_a
PSI
245
_a
CONNECTING CONTECT TEACHING AND LEARNING
_c
DODGE.T
942
_2
udc
_c
BK
999
_c
31513
_d
31513